03815cam a22005054i 4500003000900000005001700009008004100026020001500067020001800082035002000100040003300120049000900153082002000162100003100182245008400213264004800297300005400345336002100399337002500420338002300445504003400468504003400502505194100536526001002477526001002487526001002497526001002507526000802517526000802525526000802533526000802541526000802549526000802557526000802565650002202573700004402595700004402639910002902683942001402712949019502726596000602921999015802927980005503085952016903140PE-LiUPU20250731172902.0170111s2015 nyua rb 001 0 eng d a0199999643 a9780199999644 a(Sirsi) a166000 aPE-LiUPUbspacPE-LiUPUerda aPRUA04a200.95bE842231 aEsposito, John L.,eautor.10aReligions of Asia today /cJohn L. Esposito, Darrell J. Fasching, Todd Lewis . 1aNew York :bOxford University Press,c2015. a412 páginas :bilustraciones ;c24 centimetros atext2rdacontent aunmediated2rdamedia avolume2rdacarrier aBibliografía:páginas 253. aÍndices: páginas 255-266.0 aIntroduction -- Globalization : world religions in everyone's hometown -- Understanding religious experience and its expressions -- The great transition : from tribal life to urban life and the emergence of world religions --The great religious stories of the world -- Modernization in global perspective -- Modern colonialism, the socialistchallenge, and the end of modernity -- Postmodern trends in a postcolonial world -- Conclusion: We are all hereticsin the postmodern situation -- Indigenous religions -- Origins of homo religiosus : prehistory -- Indigenous religious traditions : soul belief and afterlife -- Indigenous religions today -- Hinduism -- Encountering modernity : Hindu challenges to India as a secular state -- Premodern Hinduism : the formative era -- Premodern Hinduism : the classical era (180 BCE-900 CE) -- Premodern Hinduism : the post-classical era (900 CE-1500 CE) -- Hinduism and modernity -- Hinduism and postmodern trends in a postcolonial world -- Hindu festival practice -- The religious institutions of contemporary Hinduism -- Buddhism : ways to Nirvana -- Encounter with modernity : socially "engaged Buddhism" -- Premodern Buddhism : the formative era -- Premodern Buddhism : the classical era --The core doctrines -- Premodern Buddhism : Buddhist expansion -- Buddhism and modernity -- Buddhism and postmodern trends in a postcolonial world -- East Asian religions : traditions of human cultivation and natural harmony -- Encounter with modernity : postcolonialConfucian economics -- East Asian religions in the premodern era -- East Asian religions in the early modern era -- East Asian religions and postmodern trends in a postcolonial world -- Islam in Asia -- The dawn of Islam in Asia -- The Islamic tradition -- Jihad -- The challengeof European colonialism -- Globalization : from new to New Age religions -- New religions -- New Age religions -- Religious postmodernism and global ethics. aSEG42 aSEG41 aSEG40 aSEG39 aP94 aP87 aP86 aP85 aP77 aP76 aP3507aAsiaxReligión.1 aFasching, Darrell J.,d1944- ,eeditor.1 aFasching, Darrell J.,d1944- ,eeditor. ajckbjvqcjckd20170111. 2ddccBOOK a200.95 E84wDEWEYc1i75529lCATALOGINGmBULp35.00r0sYtBOOKu2017-01-11xTEOLOGIAzPOSGRADO TEOLOGÍA0COMPRAo.CIRCNOTE. El documento es de alto precio.o.STAFF. Colección Teología a1 a200.95 E84wLCc14739i75529d14739f2021-11-9g5lCCODEBUL1mBULp35.00q1r0sYtBOOKu2017-1-11xTEOLOGIAPP850COMPRAo.STAFF. Colección Teología 81gALBERTO SANCHEZ Responsable de Automatización r2025-12-02 00:00:00i6l0o200.95 E84p75529te1v40.00w2017-01-11xPGyBKzinventario-2023-12-13102ddc50708GENfP85aBULbBULcGENd2017-01-11eCOMPRAg35.00